Introduction to geodesy : (Record no. 908)
[ view plain ]
| 000 -LEADER | |
|---|---|
| fixed length control field | 00347 a2200109 4500 |
| 020 ## - INTERNATIONAL STANDARD BOOK NUMBER | |
| International Standard Book Number | 047116660X (alk. paper) |
| 082 ## - DEWEY DECIMAL CLASSIFICATION NUMBER | |
| Classification number | 526.1 SMI |
| 100 ## - MAIN ENTRY--PERSONAL NAME | |
| Personal name | Smith, James R. |
| 245 ## - TITLE STATEMENT | |
| Title | Introduction to geodesy : |
| Remainder of title | the history and concepts of modern geodesy / |
| Statement of responsibility, etc. | James R. Smith. |
| 260 ## - PUBLICATION, DISTRIBUTION, ETC. | |
| Place of publication, distribution, etc. | New York : |
| Name of publisher, distributor, etc. | Wiley, |
| Date of publication, distribution, etc. | 1996. |
| 300 ## - PHYSICAL DESCRIPTION | |
| Extent | xv, 224 p. : |
| Other physical details | ill., maps ; |
| Dimensions | 24 cm. |
| 650 ## - SUBJECT ADDED ENTRY--TOPICAL TERM | |
| Topical term or geographic name entry element | Geodesy. |
| Withdrawn status | Lost status | Damaged status | Not for loan | Permanent Location | Current Location | Shelving location | Date acquired | Total Checkouts | Full call number | Barcode | Date last seen | Price effective from | Koha item type | Source of classification or shelving scheme | Source of acquisition | Date last checked out |
|---|---|---|---|---|---|---|---|---|---|---|---|---|---|---|---|---|
| Central Library (CL) | Central Library (CL) | 05/12/2022 | 1 | 526.1 SMI | CL-D-1784 | 08/20/2025 | 05/12/2022 | Donation | 10/31/2022 | |||||||
| School of Civil and Environmental Engineering (SCEE) | School of Civil and Environmental Engineering (SCEE) | 526.1 SMI | NIT-6745 | 01/05/2017 | 01/05/2017 | Book | ||||||||||
| School of Civil and Environmental Engineering (SCEE) | School of Civil and Environmental Engineering (SCEE) | NIT-6744 | 01/05/2017 | 01/05/2017 | Book |
